000 00922nam a2200253 i 4500
001 000015839
003 DO-SdBNP
005 20240315190248.0
007 ta
008 100219s2003 dr 001 0 spa d
040 _aDO-SdBNP
_bspa
_cBNPHU
_erda
082 _axxxx
_bC961
_222
111 2 _aIV Conferencia del Poder Judicia
_n(17 de octubre
_d2003 :
_cSanto Domingo, Dominica República)
_935650
245 1 0 _aIV Conferencia del poder judicial :
_bmedios de comunicación, construcción de la noticia judicial /
_cPalabras del Dr. Jorge A. Subero Isa
264 _aSanto Domingo :
_bPoder Judicial,
_c2003
300 _a46 p. ;
_c22 cm.
336 _2rdacontent
_atexto
_btxt
337 _2rdamedia
_asin mediación
_bn
338 _2rdacarrier
_avolumen
_bnc
590 _aInventariado, 2023 / DG
700 _aSubero Isa, Jorge A
_ePresidente de la Suprema Corte de Justicia
_981990
910 _aDG
942 _2ddc
_cLF2
999 _c53369
_d53369